[Event "Moscow Open 2007"]
[Site "Moscow"]
[Date "2007.02.04"]
[Round "9"]
[White "Andreikin, Dmitry"]
[Black "Rozum, Ivan"]
[Result "1-0"]
[WhiteElo "2509"]
[BlackElo "2336"]
[PlyCount "91"]
[EventDate "2007.??.??"]

1. e4 c5 2. Nf3 e6 3. d4 cxd4 4. Nxd4 Nf6 5. Nc3 Nc6 6. a3 d6 7. Be3 Be7 8. Be2
O-O 9. O-O a6 10. Kh1 Qc7 11. f4 Nxd4 12. Bxd4 e5 13. Be3 exf4 14. Bxf4 Be6 15.
Rc1 Rac8 16. Qd4 Nd7 17. Nd5 Bxd5 18. Qxd5 Qb6 19. Qa2 Bf6 20. c3 Be5 21. Bg5
Nf6 22. Bxf6 Bxf6 23. Bc4 Qe3 24. Bd5 Rc7 25. Rce1 Qd2 26. Qb1 Re7 27. Rf3 b5
28. Rfe3 Qf2 29. Rf3 Qd2 30. g3 Qg5 31. Ref1 Rb8 32. Rf5 Qd2 33. R1f2 Qe3 34.
Qd1 Kh8 35. Kg2 Rf8 36. Qf1 Qa7 37. h4 Kg8 38. Rxf6 gxf6 39. Rxf6 Kh8 40. Rxd6
f5 41. Qf4 Qc7 42. exf5 Re2+ 43. Kh3 Rxf5 44. Qxf5 Qxd6 45. Qc8+ Kg7 46. Qg8+
1-0

[Event "Moscow Open 2007"]
[Site "Moscow"]
[Date "2007.02.04"]
[Round "9"]
[White "Zinchenko, Yaroslav"]
[Black "Beletsky, Alexey"]
[Result "1-0"]
[WhiteElo "2507"]
[BlackElo "2386"]
[PlyCount "65"]
[EventDate "2007.??.??"]

1. e4 Nf6 2. e5 Nd5 3. d4 d6 4. Nf3 g6 5. Be2 Bg7 6. O-O O-O 7. h3 Nc6 8. c4
Nb6 9. exd6 cxd6 10. Nc3 Bf5 11. Be3 d5 12. c5 Nc4 13. Bxc4 dxc4 14. Qa4 Bd3
15. Rfd1 e5 16. d5 Nd4 17. Ne1 b5 18. Nxb5 Nxb5 19. Nxd3 cxd3 20. Qxb5 e4 21.
Qc4 f5 22. d6+ Kh8 23. Bd4 Bxd4 24. Qxd4+ Qf6 25. Qd5 Rad8 26. d7 Qe7 27. c6 f4
28. Re1 e3 29. fxe3 f3 30. gxf3 d2 31. Qxd2 Rxf3 32. Qd4+ Kg8 33. Qd5+ 1-0

[Event "Moscow Open 2007"]
[Site "Moscow"]
[Date "2007.02.04"]
[Round "9"]
[White "Feoktistov, Alexey A"]
[Black "Sveshnikov, Evgeny"]
[Result "1/2-1/2"]
[WhiteElo "2445"]
[BlackElo "2504"]
[PlyCount "140"]
[EventDate "2007.??.??"]

1. Nf3 d5 2. b3 Bg4 3. Bb2 Bxf3 4. gxf3 Nf6 5. c4 c6 6. e3 Nbd7 7. f4 e6 8. Rg1
g6 9. cxd5 exd5 10. Bh3 Bg7 11. f5 O-O 12. d3 Ne8 13. d4 Nd6 14. Nd2 Nf6 15.
Nf3 Nfe4 16. Qe2 a5 17. a4 Qf6 18. fxg6 fxg6 19. Bg2 b5 20. Rf1 bxa4 21. Rxa4
Nb5 22. Qd3 Nc5 23. Qc2 Nxa4 24. bxa4 Na7 25. Ne5 Qd6 26. f4 Rab8 27. Nd3 g5
28. fxg5 Qe7 29. Qe2 Qxg5 30. Kd2 Rxf1 31. Bxf1 Nc8 32. Ba3 Nb6 33. Kc2 Nc4 34.
Bc1 Qe7 35. Nc5 Re8 36. Kd3 Qf7 37. Kc3 Bh6 38. Qg2+ Kh8 39. Bxc4 dxc4 40. Qh3
Bf8 41. Qd7 Qf1 42. Kc2 Re7 43. Qxc6 Rg7 44. Qe8 Qf5+ 45. Kc3 Rg2 46. Bd2 h6
47. Qb8 Rg8 48. Qb6 Rg2 49. Qb8 Kg8 50. Qb5 Qf1 51. Qe8 Qa1+ 52. Kxc4 Qa2+ 53.
Nb3 Rg7 54. Qe6+ Kh7 55. Qf5+ Kg8 56. Qxa5 Qc2+ 57. Qc3 Rc7+ 58. Nc5 Qxa4+ 59.
Qb4 Qa2+ 60. Kd3 Kh7 61. Qb3 Qa1 62. Qb6 Qf1+ 63. Kc2 Qf5+ 64. Kb2 Qf7 65. Qb3
Qf2 66. Qd3+ Kh8 67. h3 Ra7 68. Kb3 Qf7+ 69. Kc2 Kg8 70. Qb3 Bxc5 1/2-1/2

[Event "Moscow Open 2007"]
[Site "Moscow"]
[Date "2007.02.04"]
[Round "9"]
[White "Demchenko, Anton"]
[Black "Romanov, Evgeny"]
[Result "0-1"]
[WhiteElo "2427"]
[BlackElo "2501"]
[PlyCount "120"]
[EventDate "2007.??.??"]

1. e4 e5 2. Nf3 Nc6 3. d4 exd4 4. Nxd4 Bc5 5. Nxc6 Qf6 6. Qd2 dxc6 7. Nc3 Bd4
8. Bd3 Ne7 9. O-O Ng6 10. Ne2 Bb6 11. Ng3 Bg4 12. h3 Be6 13. Nh5 Qe5 14. Qe2
O-O-O 15. Kh1 Rhe8 16. f4 Qd4 17. f5 Bxf5 18. Bg5 f6 19. Be3 Qxe3 20. Qxe3 Bxe3
21. exf5 Ne5 22. Nxg7 Re7 23. Ne6 Rd5 24. Rae1 Bb6 25. Nf4 Rdd7 26. g4 Bd4 27.
b3 Bc3 28. Rd1 Rd6 29. Kg2 b5 30. Kg3 Kb7 31. Be2 Red7 32. h4 Rxd1 33. Bxd1 h6
34. Nh5 Nf7 35. Bf3 Rd2 36. Rf2 Rxf2 37. Kxf2 Kb6 38. Nf4 Kc5 39. Ke2 Kd6 40.
Ne6 Be5 41. Kf2 c5 42. Be2 c6 43. Kf3 Bc3 44. Ke4 Bd2 45. a4 a6 46. Ng7 Be1 47.
Ne8+ Ke7 48. Nc7 Bxh4 49. Nxa6 bxa4 50. bxa4 Kd6 51. Kd3 Ne5+ 52. Kc3 Be1+ 53.
Kb3 Ba5 54. c4 Bb6 55. Kc2 Kd7 56. a5 Ba7 57. Kd2 Kc8 58. Ke3 Kb7 59. Kf4 Kxa6
60. Kg3 Bb8 0-1

[Event "Moscow Open 2007"]
[Site "Moscow"]
[Date "2007.02.04"]
[Round "9"]
[White "Orlinkov, Maxim L"]
[Black "Pushkov, Nikolai"]
[Result "1-0"]
[WhiteElo "2377"]
[BlackElo "2522"]
[PlyCount "123"]
[EventDate "2007.??.??"]

1. Nf3 d5 2. c4 e6 3. g3 dxc4 4. Bg2 a6 5. a4 Nc6 6. b3 cxb3 7. Qxb3 Nf6 8. O-O
Be7 9. Bb2 O-O 10. d3 Rb8 11. Rc1 Bd7 12. a5 Bd6 13. Nbd2 Qe7 14. Nc4 Rfc8 15.
d4 Na7 16. Nfe5 Bb5 17. e4 Bxe5 18. Nxe5 Nd7 19. Ba3 Qe8 20. Nf3 Nf6 21. Re1
Nc6 22. e5 Nd5 23. Bc5 b6 24. axb6 cxb6 25. Bd6 Rb7 26. Qb1 Nc3 27. Qb2 Ne7 28.
Ng5 Ned5 29. Ra3 Ra7 30. Bxd5 Nxd5 31. Qb1 g6 32. Ne4 Rc4 33. Qd1 Qd8 34. Qd2
Kg7 35. Rf3 Rd7 36. h4 h6 37. Ba3 Bc6 38. Nd6 Ra4 39. Bc1 Qh8 40. h5 g5 41. Qc2
Rxd6 42. exd6 Qe8 43. Rb3 Qd7 44. Ba3 b5 45. Rc1 Rc4 46. Qd2 Rxc1+ 47. Qxc1 a5
48. Qc5 b4 49. Bc1 Nc3 50. Rxc3 bxc3 51. d5 Bxd5 52. Qxc3+ Kg8 53. Bb2 f6 54.
Qxf6 e5 55. Bxe5 Be4 56. Qxh6 a4 57. Qxg5+ Kf7 58. Qf6+ Ke8 59. Qh8+ Kf7 60.
Qg7+ Ke6 61. Qxd7+ Kxd7 62. f4 1-0

[Event "Moscow Open 2007"]
[Site "Moscow"]
[Date "2007.02.04"]
[Round "9"]
[White "Turov, Maxim"]
[Black "Kachko, Alexander"]
[Result "1-0"]
[WhiteElo "2562"]
[BlackElo "2410"]
[PlyCount "91"]
[EventDate "2007.??.??"]

1. d4 d5 2. c4 c6 3. Nf3 Nf6 4. e3 e6 5. Bd3 Nbd7 6. O-O Bd6 7. Nbd2 O-O 8. e4
dxe4 9. Nxe4 Nxe4 10. Bxe4 Nf6 11. Bc2 c5 12. Bg5 h6 13. Bh4 cxd4 14. Qd3 Re8
15. Nxd4 Be5 16. Rad1 Bxd4 17. Qxd4 Qxd4 18. Rxd4 e5 19. Rd2 g5 20. Bg3 Nh5 21.
Ba4 Nxg3 22. hxg3 Rf8 23. Rfd1 a6 24. b3 e4 25. Bd7 Rd8 26. g4 Rb8 27. Kf1 Bxd7
28. Rxd7 Rdc8 29. R7d5 Rc6 30. Ke2 Rbc8 31. Ke3 Kg7 32. Rd6 b5 33. Rxc6 Rxc6
34. Rc1 Kf6 35. Kxe4 Re6+ 36. Kd3 Rd6+ 37. Kc3 bxc4 38. bxc4 Ke5 39. Re1+ Kf4
40. f3 Rc6 41. Re4+ Kg3 42. Re2 Rc8 43. Kb4 Rb8+ 44. Ka5 Rc8 45. Rc2 Rc6 46. c5
1-0

[Event "Moscow Open 2007"]
[Site "Moscow"]
[Date "2007.02.04"]
[Round "9"]
[White "Burlov, Vassili"]
[Black "Maiorov, Nikita"]
[Result "0-1"]
[WhiteElo "2410"]
[BlackElo "2516"]
[PlyCount "43"]
[EventDate "2007.??.??"]

1. d4 Nf6 2. c4 e6 3. Nc3 Bb4 4. e3 O-O 5. Nf3 d5 6. Bd3 c5 7. O-O Nc6 8. a3
Ba5 9. Na4 cxd4 10. exd4 dxc4 11. Bxc4 h6 12. Be3 Ne7 13. Nc5 Bc7 14. Rc1 b6
15. Na6 Bd6 16. Qe2 Bb7 17. Ne5 Rc8 18. f3 Ned5 19. Bd2 Ne7 20. Kh1 Nf5 21. Bc3
Nh5 22. Kg1 0-1

[Event "Moscow Open 2007"]
[Site "Moscow"]
[Date "2007.02.04"]
[Round "9"]
[White "Iljushin, Alexei"]
[Black "Polivanov, Anatoliy"]
[Result "1-0"]
[WhiteElo "2510"]
[BlackElo "2400"]
[PlyCount "49"]
[EventDate "2007.??.??"]

1. d4 Nf6 2. c4 d6 3. Nc3 e5 4. d5 Bf5 5. g3 Na6 6. Bg2 e4 7. Bg5 h6 8. Bxf6
Qxf6 9. Bxe4 Bxe4 10. Nxe4 Qxb2 11. Nf3 O-O-O 12. O-O Re8 13. Rb1 Qa3 14. Qd4
b6 15. Rb3 Qa5 16. Qd3 Nb4 17. Rxb4 Qxb4 18. Nd4 Be7 19. Nc6 Qa4 20. Nc3 Qa6
21. Qf5+ Kb7 22. Nb5 Bf6 23. Qd7 Rc8 24. Nb4 Qa5 25. Nxd6+ 1-0

[Event "Moscow Open 2007"]
[Site "Moscow"]
[Date "2007.02.04"]
[Round "9"]
[White "Krylov, Mikhail"]
[Black "Naumkin, Igor"]
[Result "0-1"]
[WhiteElo "2408"]
[BlackElo "2510"]
[PlyCount "90"]
[EventDate "2007.??.??"]

1. c4 e5 2. g3 Nf6 3. Nc3 Bb4 4. Nd5 Nxd5 5. cxd5 O-O 6. e3 c6 7. Qa4 a5 8. a3
Be7 9. Bg2 Na6 10. Ne2 cxd5 11. Bxd5 d6 12. d4 Bh3 13. Bxb7 Ra7 14. Bc6 Bf6 15.
Bd2 Qe7 16. Bc3 Rc8 17. Kd2 Nb8 18. Bb5 Nd7 19. Rhc1 Nb6 20. Qd1 Bg4 21. Qf1
Qb7 22. a4 h6 23. Bd3 Nc4+ 24. Bxc4 Rxc4 25. h3 Bd7 26. Nf4 Rxc3 27. bxc3 exf4
28. gxf4 Bf5 29. Qb5 Qc8 30. e4 Bxe4 31. Re1 d5 32. f3 Rb7 33. fxe4 Rxb5 34.
axb5 Qb8 35. e5 Bd8 36. Rab1 Bb6 37. f5 Kf8 38. Re3 Ke7 39. Rg1 Bc7 40. Rxg7
Qxb5 41. f6+ Ke6 42. Rg8 a4 43. Ra8 a3 44. Re1 Ba5 45. Ke3 Qc6 0-1

[Event "Moscow Open 2007"]
[Site "Moscow"]
[Date "2007.02.04"]
[Round "9"]
[White "Yudin, Sergei"]
[Black "Mongontuul, Bathuyag"]
[Result "1-0"]
[WhiteElo "2508"]
[BlackElo "2397"]
[PlyCount "75"]
[EventDate "2007.??.??"]

1. e4 c5 2. c3 Nf6 3. e5 Nd5 4. Nf3 Nc6 5. Bc4 Nb6 6. Bb3 g6 7. d4 cxd4 8. cxd4
Bg7 9. Bf4 d6 10. exd6 O-O 11. h3 exd6 12. O-O Na5 13. Nc3 Nxb3 14. axb3 a6 15.
d5 Bf5 16. Re1 Re8 17. Qd2 Qd7 18. Be3 Nc8 19. Bd4 f6 20. g4 Rxe1+ 21. Nxe1
Bxg4 22. hxg4 Qxg4+ 23. Ng2 Ne7 24. Qf4 Qxf4 25. Nxf4 Nf5 26. Bb6 Rc8 27. Ne6
Kf7 28. Bc7 Bf8 29. Na4 Be7 30. Nb6 Rg8 31. Nc4 g5 32. Na5 g4 33. Nxb7 g3 34.
Ra4 gxf2+ 35. Kxf2 Rg3 36. Nd4 Rg5 37. Nf3 Rh5 38. Rxa6 1-0

[Event "Moscow Open 2007"]
[Site "Moscow"]
[Date "2007.02.04"]
[Round "9"]
[White "Pustov, Pavel"]
[Black "Kharitonov, Alexandr"]
[Result "0-1"]
[WhiteElo "2407"]
[BlackElo "2503"]
[PlyCount "94"]
[EventDate "2007.??.??"]

1. Nf3 d5 2. d4 c6 3. c4 Nf6 4. Nc3 e6 5. Bg5 h6 6. Bxf6 Qxf6 7. e3 Nd7 8. Bd3
dxc4 9. Bxc4 g6 10. O-O Bg7 11. b4 O-O 12. a4 Qe7 13. Qb3 Nb6 14. Bd3 Nd5 15.
Rab1 b6 16. Nxd5 cxd5 17. Rfc1 Bb7 18. a5 Rfc8 19. Qa4 Qd6 20. Ne5 bxa5 21.
bxa5 Ba6 22. Bxa6 Qxa6 23. Nc6 Bf8 24. Qb5 Qxb5 25. Rxb5 Rc7 26. Rb3 Rac8 27.
Rbc3 Kg7 28. Kf1 Bb4 29. R3c2 Bxa5 30. Ke2 Bb6 31. Kd3 Kf8 32. Ne5 Rxc2 33.
Rxc2 Rxc2 34. Kxc2 Bc7 35. Nc6 Bxh2 36. Kd3 a6 37. g3 h5 38. Ke2 h4 39. Kf1
hxg3 40. f4 Kg7 41. Kg2 Kf6 42. Nb4 a5 43. Nd3 Kf5 44. Nc5 a4 45. Nxa4 Ke4 46.
Nb6 Kxe3 47. Nd7 Kxd4 0-1

[Event "Moscow Open 2007"]
[Site "Moscow"]
[Date "2007.02.04"]
[Round "9"]
[White "Chadaev, Nikolai"]
[Black "Sjugirov, Sanan"]
[Result "1/2-1/2"]
[WhiteElo "2484"]
[BlackElo "2396"]
[PlyCount "56"]
[EventDate "2007.??.??"]

1. e4 c5 2. Nf3 d6 3. d4 cxd4 4. Nxd4 Nf6 5. Nc3 a6 6. Bg5 e6 7. Qf3 Nbd7 8.
O-O-O Qc7 9. Be2 Be7 10. Rhe1 b5 11. e5 Bb7 12. exf6 Bxf3 13. Bxf3 Bxf6 14.
Bxf6 Nxf6 15. Bxa8 O-O 16. Bf3 Rc8 17. Rd2 d5 18. g3 g6 19. Bg2 b4 20. Na4 e5
21. Nb3 Qc6 22. Nac5 e4 23. f3 Nd7 24. fxe4 Nxc5 25. Nxc5 Qxc5 26. exd5 Qd6 27.
Kb1 a5 28. Rc1 a4 1/2-1/2

[Event "Moscow Open 2007"]
[Site "Moscow"]
[Date "2007.02.04"]
[Round "9"]
[White "Soltanici, Ruslan"]
[Black "Gasanov, Eldar"]
[Result "1/2-1/2"]
[WhiteElo "2372"]
[BlackElo "2477"]
[PlyCount "78"]
[EventDate "2007.??.??"]

1. e4 c5 2. Nf3 Nc6 3. Nc3 d6 4. d4 cxd4 5. Nxd4 Nf6 6. Bg5 e6 7. Qd2 a6 8.
O-O-O h6 9. Be3 Qc7 10. f3 Ne5 11. Kb1 Be7 12. g4 b5 13. Bd3 b4 14. Nce2 d5 15.
exd5 Nxd3 16. Qxd3 Nxd5 17. h4 Bb7 18. Nxe6 fxe6 19. Qg6+ Kd7 20. Nf4 Qe5 21.
Rhe1 Qf6 22. Qd3 Bd6 23. Nxd5 Bxd5 24. f4 Rhd8 25. f5 Kc7 26. g5 Qxf5 27. Qxf5
exf5 28. Rxd5 Bg3 29. Rc5+ Kb7 30. Rf1 f4 31. Bc1 Rac8 32. Rxc8 Kxc8 33. gxh6
gxh6 34. c3 bxc3 35. bxc3 h5 36. Kc2 Rg8 37. Kd3 Rg4 38. Ke4 Bxh4 39. Bxf4 Kd7
1/2-1/2

[Event "Moscow Open 2007"]
[Site "Moscow"]
[Date "2007.02.04"]
[Round "9"]
[White "Galliamova, Alisa"]
[Black "Gorbatov, Alexej"]
[Result "1-0"]
[WhiteElo "2470"]
[BlackElo "2385"]
[PlyCount "107"]
[EventDate "2007.??.??"]

1. d4 c5 2. d5 f5 3. g3 g6 4. Bg2 Bg7 5. h4 Nf6 6. Nh3 O-O 7. Nd2 b5 8. d6 Nc6
9. Nb3 c4 10. Nd4 Ne4 11. dxe7 Qxe7 12. Nf3 Qc5 13. c3 b4 14. cxb4 Qxb4+ 15.
Kf1 c3 16. bxc3 Nxc3 17. Qd3 Qa4 18. Nf4 Ba6 19. Qd2 Nxe2 20. Nxe2 Bxa1 21. Ng5
Nd4 22. Bd5+ Kh8 23. Kg2 Bxe2 24. Qe3 Nc6 25. Qxe2 Qd4 26. Bb3 h5 27. Ba3 Rfe8
28. Qc2 Ne5 29. Rxa1 Qxa1 30. Bb2 Qe1 31. Bc3 Rac8 32. Bxe1 Rxc2 33. Bxc2 Nc4
34. Bc3+ Kg8 35. Ba4 Nb6 36. Bb3+ d5 37. Bd4 Nc4 38. Bxa7 Re2 39. Nh3 Re7 40.
Bc5 Rc7 41. Bd4 Kf8 42. Nf4 Rc6 43. Nxd5 Nd2 44. Nf4 Nxb3 45. axb3 Kf7 46. Kf3
Ra6 47. b4 Ra3+ 48. Ke2 Rb3 49. Nd5 Rb1 50. Kd2 f4 51. Kc2 fxg3 52. Kxb1 g2 53.
f4 g1=B 54. Bxg1 1-0

[Event "Moscow Open 2007"]
[Site "Moscow"]
[Date "2007.02.04"]
[Round "9"]
[White "Sitnikov, Anton"]
[Black "Matsenko, Sergei"]
[Result "1/2-1/2"]
[WhiteElo "2467"]
[BlackElo "2378"]
[PlyCount "114"]
[EventDate "2007.??.??"]

1. e4 c5 2. Nc3 Nc6 3. Nge2 Nf6 4. d4 cxd4 5. Nxd4 Qc7 6. Be3 e6 7. g3 a6 8.
Bg2 Be7 9. O-O O-O 10. f4 d6 11. Qe2 Re8 12. Rad1 Bd7 13. Nxc6 Bxc6 14. g4 d5
15. e5 Ne4 16. Nxe4 dxe4 17. Qf2 b5 18. c3 Bd5 19. Rfe1 Rac8 20. Bd4 Qc6 21. a3
a5 22. Qc2 b4 23. axb4 axb4 24. Bxe4 g6 25. Bxd5 Qxd5 26. Qg2 Qc4 27. Qe2 Qb3
28. Rd2 bxc3 29. bxc3 Bc5 30. Kg2 Bxd4 31. cxd4 Rc3 32. Qe4 Rec8 33. f5 exf5
34. gxf5 gxf5 35. Qxf5 R8c6 36. d5 Rg6+ 37. Kh1 Rf3 38. Qe4 Qc3 39. Rde2 Rd3
40. e6 fxe6 41. dxe6 Rd8 42. Rf1 Re8 43. Rg2 Rxg2 44. Qxg2+ Kh8 45. Qe4 Qg7 46.
h3 Qg6 47. Qe5+ Qg7 48. Qb5 Qg6 49. Qe5+ Qg7 50. Qd5 Qg6 51. Re1 Qg3 52. Qd4+
Qg7 53. Qe4 Qc3 54. Re3 Qc1+ 55. Kh2 Qb2+ 56. Re2 Qb8+ 57. Kh1 Qa8 1/2-1/2

[Event "Moscow Open 2007"]
[Site "Moscow"]
[Date "2007.02.04"]
[Round "9"]
[White "Potapov, Pavel"]
[Black "Gavrilov, Alexei"]
[Result "0-1"]
[WhiteElo "2380"]
[BlackElo "2465"]
[PlyCount "96"]
[EventDate "2007.??.??"]

1. e4 c6 2. d4 d5 3. Nd2 dxe4 4. Nxe4 Bf5 5. Ng3 Bg6 6. Bc4 e6 7. N1e2 Nf6 8.
O-O Bd6 9. f4 Qd7 10. Bd3 Bxd3 11. Qxd3 Qc7 12. f5 e5 13. Be3 Nbd7 14. Rad1 O-O
15. Nc3 Rad8 16. Bf2 exd4 17. Qxd4 Bc5 18. Qd2 Bb6 19. Qd6 Bxf2+ 20. Rxf2 Qb6
21. Na4 Qa5 22. Qa3 b5 23. Nc3 Qb6 24. Qb4 Ne5 25. Rxd8 Rxd8 26. h3 Nc4 27.
Nge4 Nxe4 28. Nxe4 Re8 29. b3 Rxe4 30. bxc4 h6 31. Qd2 Rxc4 32. Kh2 Qc7+ 33. g3
Qe5 34. Qd8+ Kh7 35. Qd7 Qd4 36. Qxd4 Rxd4 37. Kg2 Rc4 38. g4 a5 39. Rd2 b4 40.
Kf3 Rc3+ 41. Ke4 Rxh3 42. Ke5 Rc3 43. Ke4 Rh3 44. Ke5 Rc3 45. f6 Rc5+ 46. Kd6
Rd5+ 47. Rxd5 cxd5 48. fxg7 Kxg7 0-1

[Event "Moscow Open 2007"]
[Site "Moscow"]
[Date "2007.02.04"]
[Round "9"]
[White "Kuzin, Anton"]
[Black "Kosov, Ivan"]
[Result "1/2-1/2"]
[WhiteElo "2459"]
[BlackElo "2354"]
[PlyCount "29"]
[EventDate "2007.??.??"]

1. e4 c5 2. Nf3 Nc6 3. Bb5 g6 4. O-O Bg7 5. Re1 Nf6 6. e5 Nd5 7. Nc3 Nc7 8.
Bxc6 dxc6 9. Ne4 b6 10. Nf6+ Kf8 11. Ne4 Bg4 12. d3 Ne6 13. Neg5 h6 14. Nxe6+
Bxe6 15. Qe2 1/2-1/2

[Event "Moscow Open 2007"]
[Site "Moscow"]
[Date "2007.02.04"]
[Round "9"]
[White "Kislov, Oleg"]
[Black "Danin, Alexandre"]
[Result "0-1"]
[WhiteElo "2324"]
[BlackElo "2451"]
[PlyCount "110"]
[EventDate "2007.??.??"]

1. e4 c6 2. d4 d5 3. Nc3 dxe4 4. Nxe4 Bf5 5. Qf3 e6 6. Bd3 Nd7 7. Ne2 Bg6 8.
Nf4 Ngf6 9. Nxg6 hxg6 10. Ng5 Nb6 11. O-O Qd5 12. Be4 Qd7 13. Re1 Nxe4 14. Rxe4
Nd5 15. Bd2 Nf6 16. Re2 Qd5 17. Qb3 Qxb3 18. axb3 Bd6 19. g3 O-O 20. Ne4 Nxe4
21. Rxe4 Rfd8 22. Ba5 b6 23. Bd2 a5 24. Ra4 Rac8 25. b4 axb4 26. Bf4 Bf8 27.
Ra6 b5 28. Rb6 Rd5 29. Kf1 Be7 30. Ke2 Bf6 31. Be5 Bxe5 32. Rxe5 Rxd4 33. Rc5
Rd5 34. Rbxb5 cxb5 35. Rxc8+ Kh7 36. h4 g5 37. hxg5 Rxg5 38. Rd8 Rc5 39. Kd3 e5
40. f4 f6 41. fxe5 fxe5 42. Rd6 g6 43. Re6 Kh6 44. Ke4 Rxc2 45. Kf3 Rc5 46. g4
Kg5 47. Rb6 Rd5 48. Re6 Rd3+ 49. Ke4 Rb3 50. Rb6 Rxb2 51. Kxe5 Rg2 52. Ke6 Rxg4
53. Kf7 Kf4 54. Rxb5 Ke3 55. Rd5 Ke4 0-1

[Event "Moscow Open 2007"]
[Site "Moscow"]
[Date "2007.02.04"]
[Round "9"]
[White "Smirnov, Igor"]
[Black "Filipenko, Alexander V"]
[Result "1/2-1/2"]
[WhiteElo "2439"]
[BlackElo "2376"]
[PlyCount "76"]
[EventDate "2007.??.??"]

1. e4 c5 2. Nf3 d6 3. d4 cxd4 4. Nxd4 Nf6 5. Nc3 Nc6 6. Bg5 Bd7 7. Qd2 Rc8 8.
f4 h6 9. Bxf6 gxf6 10. O-O-O Nxd4 11. Qxd4 Qa5 12. Be2 Bg7 13. g4 Qc5 14. Qd3
f5 15. e5 fxg4 16. Rhg1 h5 17. h3 Bh6 18. Kb1 Bxf4 19. exd6 Qxd6 20. Qe4 Bc6
21. Qc4 Qe5 22. Rgf1 Rd8 23. Rxf4 Rxd1+ 24. Bxd1 f5 25. b4 g3 26. Rf1 g2 27.
Rg1 Qe3 28. Rxg2 Bxg2 29. Qc8+ Kf7 30. Qxh8 Bf3 31. Bxf3 Qxf3 32. Qe5 e6 33. h4
Qh1+ 34. Kb2 Qxh4 35. a3 Qf6 36. Qc7+ Qe7 37. Qg3 h4 38. Qf3 Kg8 1/2-1/2

[Event "Moscow Open 2007"]
[Site "Moscow"]
[Date "2007.02.04"]
[Round "9"]
[White "Shabanov, Yuri"]
[Black "Losev, Dmitry"]
[Result "1/2-1/2"]
[WhiteElo "2422"]
[BlackElo "2345"]
[PlyCount "80"]
[EventDate "2007.??.??"]

1. e4 c5 2. Nf3 Nf6 3. e5 Nd5 4. g3 Nc6 5. Bg2 d6 6. exd6 e6 7. d4 Bxd6 8. c4
Nf6 9. dxc5 Bxc5 10. Qxd8+ Kxd8 11. Nc3 Ke7 12. O-O Rd8 13. Bf4 h6 14. Rad1 Bd6
15. Bxd6+ Rxd6 16. Rxd6 Kxd6 17. Rd1+ Ke7 18. Nd4 Nxd4 19. Rxd4 Bd7 20. Kf1 Rc8
21. b3 Bc6 22. Bxc6 Rxc6 23. Ke2 a6 24. Kd2 e5 25. Rd3 Ng4 26. f3 Nxh2 27. Ke2
f5 28. Kf2 e4 29. fxe4 Ng4+ 30. Kg2 fxe4 31. Nxe4 h5 32. c5 Nf6 33. Nxf6 Kxf6
34. b4 b6 35. cxb6 Rxb6 36. Rb3 Ke5 37. a4 Kd4 38. b5 Kc4 39. Rb1 axb5 40. axb5
Rxb5 1/2-1/2

[Event "Moscow Open 2007"]
[Site "Moscow"]
[Date "2007.02.04"]
[Round "9"]
[White "Guseva, Marina"]
[Black "Paveliev, Alexey"]
[Result "0-1"]
[WhiteElo "2305"]
[BlackElo "2418"]
[PlyCount "116"]
[EventDate "2007.??.??"]

1. d4 d5 2. c4 e6 3. Nc3 Nf6 4. Nf3 Bb4 5. Bg5 h6 6. Bxf6 Qxf6 7. e3 O-O 8. Rc1
Nd7 9. cxd5 exd5 10. a3 Bxc3+ 11. Rxc3 c6 12. Be2 Nb6 13. O-O Bf5 14. Ne5 Qd6
15. b4 a5 16. Rb3 axb4 17. Rxb4 Nd7 18. Nxd7 Qxd7 19. Qb3 Ra7 20. Rc1 Rfa8 21.
a4 Qe7 22. Rb6 Bc8 23. Ra1 Qc7 24. Bd1 c5 25. dxc5 Qxc5 26. Qb2 Qe7 27. h3 Bf5
28. Rc1 Be4 29. Qd4 Ra6 30. Rxa6 Rxa6 31. Rc5 Rg6 32. f3 Qh4 33. Kf1 Qg3 34.
fxe4 Qxg2+ 35. Ke1 Rf6 36. Be2 Rf2 37. Qd3 dxe4 38. Qc4 Rf6 39. Qd4 Rf2 40. Qc4
Rf6 41. Kd2 Kh7 42. h4 Qh1 43. h5 Rd6+ 44. Kc2 Qg2 45. Kc3 Qh1 46. Qxf7 Qc1+
47. Kb4 Qb2+ 48. Qb3 Qxe2 49. Rb5 Rd3 50. Qf7 Qd2+ 51. Kc5 Qxe3+ 52. Kb4 Qd2+
53. Kc5 Qe3+ 54. Kb4 Rd4+ 55. Ka5 Qc3+ 56. Kb6 Qc6+ 57. Ka7 Rxa4+ 58. Kb8 Qxb5
0-1

[Event "Moscow Open 2007"]
[Site "Moscow"]
[Date "2007.02.04"]
[Round "9"]
[White "Papin, Vasily"]
[Black "Egorov, Dmitry"]
[Result "1-0"]
[WhiteElo "2416"]
[BlackElo "2305"]
[PlyCount "69"]
[EventDate "2007.??.??"]

1. e4 c5 2. Nf3 d6 3. d4 cxd4 4. Qxd4 a6 5. Bg5 Nc6 6. Qd2 Nf6 7. Bxf6 gxf6 8.
Nc3 e6 9. O-O-O b5 10. Nd4 Qb6 11. Nxc6 Qxc6 12. a3 Rb8 13. Bd3 Be7 14. Kb1 Qc5
15. Na2 Bb7 16. Rhe1 d5 17. exd5 Bxd5 18. Nb4 Bb7 19. Be4 Rd8 20. Nd3 Qc7 21.
Qh6 Bxe4 22. Rxe4 f5 23. Re2 b4 24. axb4 a5 25. Qh5 Kf8 26. Red2 Kg7 27. f4
Rhf8 28. g4 fxg4 29. Ne5 Rxd2 30. Rxd2 axb4 31. Rd7 Qc5 32. Qxg4+ Kh8 33. Nd3
Qa5 34. Rxe7 Ra8 35. Kc1 1-0

[Event "Moscow Open 2007"]
[Site "Moscow"]
[Date "2007.02.04"]
[Round "9"]
[White "Moskalenko, Alexander"]
[Black "Vorotnikov, Vladislav V"]
[Result "1/2-1/2"]
[WhiteElo "2352"]
[BlackElo "2437"]
[PlyCount "78"]
[EventDate "2007.??.??"]

1. e4 e5 2. Nf3 Nc6 3. Bb5 a6 4. Ba4 d6 5. c3 Bd7 6. d4 Nf6 7. O-O Qe7 8. d5
Nb8 9. Bxd7+ Nbxd7 10. Qe2 g6 11. c4 h5 12. Nc3 a5 13. Ne1 Nc5 14. Nd3 Nxd3 15.
Qxd3 Nd7 16. a3 h4 17. Be3 Bg7 18. c5 h3 19. g3 Nxc5 20. Bxc5 dxc5 21. Qb5+ Qd7
22. Qxb7 O-O 23. Qb5 Qe7 24. Na4 Rfb8 25. Qe2 Bf8 26. Rac1 Qd7 27. Nxc5 Bxc5
28. Rxc5 Rb7 29. Rfc1 Rab8 30. R1c2 Qa4 31. R5c4 Qb3 32. Rd2 Qa2 33. Rcc2 Qb1+
34. Qf1 Rxb2 35. Rxb2 Rxb2 36. Rxb2 Qxb2 37. Qxh3 Qb1+ 38. Qf1 Qxe4 39. Qb5 a4
1/2-1/2

[Event "Moscow Open 2007"]
[Site "Moscow"]
[Date "2007.02.04"]
[Round "9"]
[White "Korobov, Anton"]
[Black "Hambartsumian, Yuri"]
[Result "1/2-1/2"]
[WhiteElo "2547"]
[BlackElo "2354"]
[PlyCount "168"]
[EventDate "2007.??.??"]

1. d4 Nf6 2. c4 g6 3. Nc3 Bg7 4. e4 d6 5. Be2 O-O 6. Nf3 e5 7. O-O Nc6 8. d5
Ne7 9. b4 a5 10. bxa5 c5 11. a4 Rxa5 12. Nd2 Ne8 13. Nb5 f5 14. exf5 Nxf5 15.
Ne4 Nf6 16. Bg5 Ra6 17. Bg4 h6 18. Nxf6+ Bxf6 19. Bxf5 gxf5 20. Bxh6 Rf7 21.
Qh5 f4 22. Ra3 Rh7 23. Qg6+ Bg7 24. Bg5 Qf8 25. g4 Bxg4 26. Be7 Qf5 27. Qxf5
Bxf5 28. Nxd6 Bh3 29. Rxh3 Rxh3 30. Kg2 Rc3 31. Rg1 Rxd6 32. Bxd6 Rxc4 33. Kf3
Kf7 34. Rb1 Rxa4 35. Rxb7+ Kg6 36. Bxc5 Bf6 37. Kg4 Ra1 38. Be7 Rg1+ 39. Kf3
Bxe7 40. Rxe7 Kf6 41. Re6+ Kf5 42. Re8 Rd1 43. Rf8+ Kg6 44. Ke4 Re1+ 45. Kd3
Kg7 46. Rd8 Kf6 47. h4 Ke7 48. Rh8 e4+ 49. Kd2 Ra1 50. Rh6 Ra2+ 51. Ke1 Ra1+
52. Ke2 Ra2+ 53. Kf1 Ra4 54. h5 Rd4 55. d6+ Kf7 56. Rh7+ Kf6 57. Rh8 Kg7 58.
Rd8 Rd5 59. d7 Rd2 60. Re8 Rxd7 61. Rxe4 Rd5 62. Rxf4 Rxh5 63. Kg2 Rb5 64. Kg3
Ra5 65. Rb4 Ra3+ 66. Kg4 Ra6 67. Rb5 Kg6 68. f4 Kf6 69. Rh5 Kg6 70. f5+ Kg7 71.
Kg5 Rf6 72. Rh1 Ra6 73. Rb1 Rc6 74. Rb7+ Kf8 75. Ra7 Rd6 76. Ra5 Kf7 77. Ra7+
Kf8 78. Rh7 Kg8 79. Re7 Kf8 80. Re6 Rxe6 81. fxe6 Ke7 82. Kf5 Ke8 83. Kf6 Kf8
84. e7+ Ke8 1/2-1/2

[Event "Moscow Open 2007"]
[Site "Moscow"]
[Date "2007.02.04"]
[Round "9"]
[White "Ivanov, Victor L"]
[Black "Shkurikhin, Ilia"]
[Result "1/2-1/2"]
[WhiteElo "2502"]
[BlackElo "2350"]
[PlyCount "116"]
[EventDate "2007.??.??"]

1. e4 c5 2. c3 d5 3. exd5 Qxd5 4. d4 Nf6 5. Nf3 e6 6. Be2 Nc6 7. O-O Be7 8. c4
Qd7 9. dxc5 Bxc5 10. Nc3 O-O 11. a3 b6 12. b4 Qxd1 13. Rxd1 Be7 14. Bf4 Bb7 15.
Nb5 Rfd8 16. Bc7 Rxd1+ 17. Rxd1 Ne8 18. Bf4 Rd8 19. Rxd8 Bxd8 20. Nd6 Bc7 21.
Nxb7 Bxf4 22. c5 Kf8 23. g3 Bc1 24. Bb5 Ne7 25. Bxe8 Kxe8 26. Nd6+ Kf8 27. cxb6
axb6 28. a4 Nd5 29. a5 bxa5 30. bxa5 Ke7 31. Nc4 Nb4 32. Nfe5 Bh6 33. Nd3 Na6
34. f4 g5 35. Kf2 gxf4 36. gxf4 Bg7 37. Nce5 f6 38. Nc6+ Kd6 39. Ncb4 Nxb4 40.
Nxb4 Kc5 41. Na6+ Kc6 42. Nb8+ Kc7 43. Na6+ Kc6 44. Nb4+ Kb5 45. a6 Bf8 46. Kf3
Bc5 47. Nd3 Bg1 48. f5 exf5 49. h4 Kxa6 50. Kf4 Kb5 51. Kxf5 Bd4 52. Nf4 Kc6
53. Ne6 Bc3 54. h5 Kd6 55. Nf8 Ke7 56. Nxh7 Kf7 57. h6 Bd2 58. Nxf6 Bxh6
1/2-1/2